<?xml version="1.0" encoding="UTF-8"?>
<record
    xmlns:xsi="http://www.w3.org/2001/XMLSchema-instance"
    xsi:schemaLocation="http://www.loc.gov/MARC21/slim http://www.loc.gov/standards/marcxml/schema/MARC21slim.xsd"
    xmlns="http://www.loc.gov/MARC21/slim">

  <leader>03312nam a22003257a 4500</leader>
  <controlfield tag="003">OSt</controlfield>
  <controlfield tag="005">20250815110712.0</controlfield>
  <controlfield tag="007">cr ||||||a|c|a</controlfield>
  <controlfield tag="008">240903s2023    mx ad||fom||| 001 0 spa d</controlfield>
  <datafield tag="040" ind1=" " ind2=" ">
    <subfield code="e">rda</subfield>
  </datafield>
  <datafield tag="100" ind1="1" ind2=" ">
    <subfield code="a">P&#xE9;rez Ram&#xED;rez, Mireya</subfield>
    <subfield code="9">189538</subfield>
  </datafield>
  <datafield tag="245" ind1="1" ind2=" ">
    <subfield code="a">Resistencia de Brassica rapa y Biden pilosa a herbicidas auxinicos y silfonilureas en Hueyotlipa, Tlaxcala /</subfield>
    <subfield code="c">por Mireya P&#xE9;rez Ram&#xED;rez; presidente J. Antonio Tafoya Razo; secretario Calixto Leopoldo Carrillo Fonseca; vocal Candelario Santillan Ortega; suplente Manuel Orrantia Orrantia; suplente Oscar morales Galv&#xE1;n</subfield>
  </datafield>
  <datafield tag="264" ind1=" " ind2="1">
    <subfield code="a">Chapingo, M&#xE9;xico :</subfield>
    <subfield code="b">El autor,</subfield>
    <subfield code="c">2023.</subfield>
  </datafield>
  <datafield tag="300" ind1=" " ind2=" ">
    <subfield code="a">1 recurso en l&#xED;nea (69 p&#xE1;ginas):</subfield>
    <subfield code="b">Ilustraciones, cuadros, gr&#xE1;ficas</subfield>
  </datafield>
  <datafield tag="336" ind1=" " ind2=" ">
    <subfield code="2">rdacontent</subfield>
    <subfield code="a">texto</subfield>
    <subfield code="b">txt</subfield>
  </datafield>
  <datafield tag="337" ind1=" " ind2=" ">
    <subfield code="2">rdamedia</subfield>
    <subfield code="a">computadora</subfield>
    <subfield code="b">c</subfield>
  </datafield>
  <datafield tag="338" ind1=" " ind2=" ">
    <subfield code="2">rdacarrier</subfield>
    <subfield code="a">recurso en l&#xED;nea</subfield>
    <subfield code="b">cr</subfield>
  </datafield>
  <datafield tag="502" ind1=" " ind2=" ">
    <subfield code="b">IAEPA</subfield>
    <subfield code="c">Parasitolog&#xED;a</subfield>
    <subfield code="d">2023</subfield>
    <subfield code="g">LIC</subfield>
  </datafield>
  <datafield tag="504" ind1=" " ind2=" ">
    <subfield code="a">Incluye referencias bibliogr&#xE1;ficas: p&#xE1;ginas 65-69</subfield>
  </datafield>
  <datafield tag="520" ind1=" " ind2=" ">
    <subfield code="a">Brassica rapa y Bidens pilosa son malezas muy comunes en las zonas templadas y c&#xE1;lidas de M&#xE9;xico y se presentan reportes de importancia significativa en muchas partes del mundo, por lo que el presente trabajo se realiz&#xF3; con la finalidad de determinar la resistencia con las dos poblaciones de malezas resistentes, provenientes de la regi&#xF3;n de Hueyotlipan Tlaxcala, a los herbicidas Prosulfuron y 2,4-D y un biotipo de una poblaci&#xF3;n con susceptibilidad comprobada de ambas especies, se utilizaron 8 tratamientos para cada herbicida, 0, 1.069, 2.138, 4.275, 8.55, 17.1, 34.2, 68.4 g de i.a/ha, para Prosulfuron y 0, 30, 60, 120, 240, 480, 960, 1920 g de i.a/ha, para 2,4-D, la aplicaci&#xF3;n de los herbicidas se realiz&#xF3; en la post emergencia cuando las plantas ten&#xED;an de 3 a 5 hojas verdaderas, se utiliz&#xF3; un dise&#xF1;o con bloques completamente al azar con 5 bloques, cada unidad experimental consisti&#xF3; en una maceta de 2 L., en la cual se establecieron 5 plantas por maceta, la evaluaci&#xF3;n de reducci&#xF3;n de peso fresco en las plantas se realiz&#xF3; 30 d&#xED;as despu&#xE9;s de las aplicaciones, se realizaron un ANDEVA y se ajustaron al modelo de regresi&#xF3;n log-log&#xED;stico utilizando el programa estad&#xED;stico Sigma plot, con un intervalo de confianza del 95%, los resultados muestran que existe resistencia considerando como resistente cuando el &#xED;ndice es igual o superior a 2.0. Se obtuvo un IR en Bidens pilosa para el herbicida 2,4-D de 2.7 mientras que para el herbicida Prosulfuron un valor de 2.9. para el caso de Brassica rapa para el herbicida 2,4-D fue de 2.2 mientras que para el herbicida Prosulfuron fue de 7.53 siendo este el valor m&#xE1;s elevado, con base a los resultados se indica que las poblaciones son resistentes a ambos herbicidas.</subfield>
  </datafield>
  <datafield tag="650" ind1=" " ind2="4">
    <subfield code="a">Malas hierbas</subfield>
    <subfield code="x">Resistencia a herbicidas</subfield>
    <subfield code="9">70035</subfield>
  </datafield>
  <datafield tag="650" ind1=" " ind2="4">
    <subfield code="a">Herbicidas</subfield>
    <subfield code="x">An&#xE1;lisis</subfield>
    <subfield code="9">132171</subfield>
  </datafield>
  <datafield tag="700" ind1="0" ind2=" ">
    <subfield code="a">Tafoya Razo, Jos&#xE9; Antonio</subfield>
    <subfield code="e">presidente</subfield>
    <subfield code="9">111341</subfield>
  </datafield>
  <datafield tag="700" ind1="1" ind2=" ">
    <subfield code="a">Carrillo Fonseca, Calixto Leopoldo</subfield>
    <subfield code="9">19482</subfield>
    <subfield code="e">secretario</subfield>
  </datafield>
  <datafield tag="700" ind1="1" ind2=" ">
    <subfield code="a">Santill&#xE1;n Ortega, Candelario</subfield>
    <subfield code="9">102429</subfield>
    <subfield code="e">vocal</subfield>
  </datafield>
  <datafield tag="700" ind1="1" ind2=" ">
    <subfield code="a">Orrantia Orrantia, Manuel</subfield>
    <subfield code="9">83750</subfield>
    <subfield code="e">suplente</subfield>
  </datafield>
  <datafield tag="700" ind1="1" ind2=" ">
    <subfield code="a">Morales Galv&#xE1;n, Oscar</subfield>
    <subfield code="9">78271</subfield>
    <subfield code="e">suplente</subfield>
  </datafield>
  <datafield tag="856" ind1=" " ind2=" ">
    <subfield code="u">http://10.13.5.2/tesis/tl/1712062-4_Peerez_Ramirez_Mireya.pdf</subfield>
    <subfield code="z">DESCARGAR PDF</subfield>
  </datafield>
  <datafield tag="942" ind1=" " ind2=" ">
    <subfield code="2">Clasificaci&#xF3;n Universidad Aut&#xF3;noma Chapingo</subfield>
    <subfield code="c">TD</subfield>
  </datafield>
  <datafield tag="999" ind1=" " ind2=" ">
    <subfield code="c">220136</subfield>
    <subfield code="d">220136</subfield>
  </datafield>
  <datafield tag="952" ind1=" " ind2=" ">
    <subfield code="0">0</subfield>
    <subfield code="1">0</subfield>
    <subfield code="2">local</subfield>
    <subfield code="4">0</subfield>
    <subfield code="5">1</subfield>
    <subfield code="7">0</subfield>
    <subfield code="8">TesDigL</subfield>
    <subfield code="a">BD</subfield>
    <subfield code="b">BD</subfield>
    <subfield code="c">E_L</subfield>
    <subfield code="d">2024-09-03</subfield>
    <subfield code="l">0</subfield>
    <subfield code="o">Tesis digital</subfield>
    <subfield code="r">2024-09-03 14:58:27</subfield>
    <subfield code="w">2024-09-03</subfield>
    <subfield code="y">TD</subfield>
  </datafield>
</record>
